000 00263nam a2200109Ia 4500
008 230907s9999||||xx |||||||||||||| ||und||
082 _a697
_bASH
245 0 _aAshrae standard 90.1-2016
260 _aASHRAE,
_bAtlanta, GA :
_c2016
300 _a380 p
942 _cBK
999 _c599506
_d599506